| 000 | 01050cab a2200325 4500 | ||
|---|---|---|---|
| 001 | ABS50494 | ||
| 008 | 090401t1994 xxu||||| |||| 00| 0 eng d | ||
| 035 | _a(Sirsi) u76150 | ||
| 041 | _aeng | ||
| 245 | _aFocus `94: the leisure market | ||
| 260 | _c1994 | ||
| 350 | _a0 | ||
| 490 |
_aEstates Gazette _v(9413) 2 April 1994, 51-72(15) |
||
| 520 | _aCovers growth in budget hotels, the country estate market, the financial performance of some new golf clubs, how football clubs have met the challenge to build all-seater stadia and the effects of the 1995 rating revaluation on the leisure industry. | ||
| 650 | _aCOUNTRY ESTATES | ||
| 650 | _aFISHING | ||
| 650 | _aFOOTBALL STADIA | ||
| 650 | _aGOLF CLUBS | ||
| 650 | _aGOLF RESEARCH GROUP | ||
| 650 | _aHOTEL MARKET | ||
| 650 | _aLEISURE MARKET | ||
| 650 | _aPHEASANT SHOOTING | ||
| 650 | _aPUBLIC HOUSES | ||
| 650 | _aRATING REVALUATION | ||
| 650 | _aREVALUATION | ||
| 650 | _aSPORTING ESTATES | ||
| 690 | _aLEISURE AND RECREATION | ||
| 942 | _n0 | ||
| 948 | _c04/03/1997 | ||
| 999 |
_c47915 _d47915 |
||